01662nam a2200289Ia 450000500170000000800410001702000190005810000350007724501300011225000390024230000680028149000280034950000330037752005930041052100290100365000390103265000430107165000290111465000320114370000300117526400330120533600270123833700330126533800280129804000350132608400110136120220317001025.0160825s2008 ck a g 000 0 spa  a978958300250121 aPalacios, Eustaquiod1830-189813aEl alférez realb novela (crónicas de Cali en el siglo pasado)cEustaquio Palacios ; ilustraciones Jairo Linares Landinez a1a. edición b7a. reimpresión  axviii, 299 páginas bilustraciones en blanco y negro c21 cm  aLetras latinoamericanas aIncluye datos biográficos  afuente insustituible para conocer la historia de Cali y de quienes la forjaron. Para reconstruir el contexto social e histórico en el que se desenvuelve el idilio que sustenta la trama de la novela, Palacios esculcó con paciencia de historiador los archivos de la ciudad. El idilio entre doña Inés de Lara y Portocarrero y Daniel, el humilde escribano del Alférez Real, don Manuel de Caicedo, tiene lugar en las postrimerías de la Cali colonial (1775), con sus haciendas alrededor, sus calles, iglesias, casonas y plazas, sus gentes y sus costumbres como gran telón de fondo aRecomendado para adultos142LEMBaNovela colombianaySiglo XIX142LEMBaLiteratura colombianaySiglo XIX142LEMBaNovela histórica142LEMBaAmor en la literatura1 aLinarez Landínez, Jairo aBogotábPanamericanac2008 atextobtxt2rdacontent asin mediaciónbn2rdamedia avolumenbnc2rdacarrier aCO-BoRNBPbspaerdacCO-BoRNBP aN PAL1